| 000 | 01702nam a2200241Ia 4500 | ||
|---|---|---|---|
| 008 | 260220t9999||||xx |||||||||||||| ||spa|| | ||
| 040 |
_aPY-SlUNAC _bspa _erda |
||
| 041 | _aspa | ||
| 082 |
_a808.85 _bP634p |
||
| 100 |
_aPellegrino, P. Francisco _eAutor |
||
| 245 | 0 |
_aPio XII a los esposos / _cpor P. Francisco Pellegrino [Autor] |
|
| 264 |
_aBarcelona : _bLibreria Religiosa, _c[Fecha de publicación no identificada]. |
||
| 300 | _a1 volumen | ||
| 520 | _aEl libro "Pio XII a los esposos" de P. Francisco Pellegrino explora la enseñanza y las orientaciones del Papa Pío XII en relación con el matrimonio y la vida conyugal. A través de una serie de discursos, cartas y documentos papales, Pellegrino destaca la importancia del amor conyugal como un reflejo del amor divino, subrayando la sacramentalidad del matrimonio. El autor también aborda temas como la responsabilidad de los esposos en la educación de los hijos, la fidelidad y la unidad en el matrimonio, así como el papel de la familia en la sociedad. Pellegrino presenta las enseñanzas de Pío XII en un contexto histórico, analizando su impacto en la moral y la ética familiar en el siglo XX. El libro se convierte en una guía práctica y espiritual para las parejas, ofreciendo consejos y reflexiones que buscan fortalecer los lazos conyugales y fomentar una convivencia armoniosa, enraizada en los valores cristianos y en la dignidad de la institución matrimonial. | ||
| 653 | _aEducación religiosa | ||
| 653 | _aFamilia | ||
| 653 | _aReligión | ||
| 942 |
_b2026/02/17 _cBK |
||
| 999 |
_c8934 _d8934 |
||